000 01141nam0a2200289 4500
001 RU\NLR\bibl\384256
005 20250622154558.0
035 _a(NLR Aleph) 000378643
090 _a441449
_c441449
100 _a20030402d2001 |||y0rusy50 ca
101 0 _arus
102 _aRU
105 _aa |||||||||
200 1 _aАктуальные проблемы муниципальной политики
_eСб. ст. и докл.
_fР.В. Бабун
210 _aНовокузнецк
_cНФИКемГУ
_d2001
215 _a97 с.
_cил.
_e20
320 _aБиблиогр. в подстроч. примеч.
606 0 _aФинансы
_jСборники
_yРоссийская Федерация
_92073627
_3RU\NLR\auth\661248550
606 0 _aМуниципальное управление
_jСборники
_yРоссийская Федерация
_92098532
_3RU\NLR\auth\661269465
686 _aУ26(2)я43
686 _aУ21(2)27я43
700 1 _aБабун
_bР. В.
_gРоальд Владимирович
_4070
801 0 _aRU
_bNLR
_c20030402
_gPSBO
801 1 _aRU
_bNLR
_c20030402
942 _cBOOK
980 _aNB